Countries beginning with M.A.L.I. - Map - Statistics

General Stats
  • This quiz has been taken 63 times
    33 since last reset
  • The average score is 34 of 48
Answers on the Map
Answers color-coded by a green-red scale on the quiz's map according to % correct below.
 
Answer Stats
Country % Correct
Mali
96%
Angola
85%
Antigua and Barbuda
81%
Argentina
81%
Australia
81%
India
81%
Indonesia
81%
Algeria
78%
Austria
78%
Iran
78%
Iraq
78%
Mauritania
78%
Afghanistan
74%
Albania
74%
Andorra
74%
Laos
74%
Liechtenstein
74%
Malaysia
74%
Mexico
74%
Iceland
70%
Latvia
70%
Liberia
70%
Lithuania
70%
Madagascar
70%
Maldives
70%
Morocco
70%
Myanmar
70%
Myanmar
70%
Ireland
67%
Italy
67%
Lesotho
67%
Libya
67%
Luxembourg
67%
Malawi
67%
Malta
67%
Moldova
67%
Montenegro
67%
Azerbaijan
63%
Mauritius
63%
Micronesia
63%
Monaco
63%
Mozambique
63%
Israel
59%
Mongolia
59%
Armenia
56%
Ivory Coast
56%
Marshall Islands
56%
Lebanon
52%
No matching quizzes found
Score Distribution
Percent of People with Each Score
Percentile by Number Answered
Your Score History
You have not taken this quiz since the last reset